000 00659nam a2200193Ia 4500
003 GCL
008 140319s9999 xx 000 0 ara d
040 _aGCL /
_cGCL
082 0 4 _aم
_b720.03
_bع م
100 1 _aعفيف البهنسى
245 1 0 _aمعجم العمارة والفن :
_bعربى - فرنسى ، فرنسى - عربى /
_cعفيف البهنسى
260 _aبيروت :
_bمكتبة لبنان ،
_c1995
650 0 4 _aالمعاجم
650 0 4 _aالعمارة
650 0 4 _aالفنون التشكيلية
650 0 4 _aالعمارة - معاجم
650 0 4 _aالفنون التشكيلية - معاجم
942 _2ddc
_cREF
999 _c59683
_d59683